Rapid mapping techniques in coastal environments (Record no. 107420)
[ view plain ]
| 000 -LEADER | |
|---|---|
| fixed length control field | 01237cad a22002295a 4500 |
| 001 - CONTROL NUMBER | |
| control field | L140102 |
| 008 - FIXED-LENGTH DATA ELEMENTS--GENERAL INFORMATION | |
| fixed length control field | 070904e20070531xxkao f 000 0 eng d |
| 035 ## - SYSTEM CONTROL NUMBER | |
| System control number | (Sirsi) u140102 |
| 041 0# - LANGUAGE CODE | |
| Language code of text/sound track or separate title | eng |
| 050 04 - LIBRARY OF CONGRESS CALL NUMBER | |
| Classification number | 526.982 $2 18 |
| 100 1# - MAIN ENTRY--PERSONAL NAME | |
| Personal name | Barber, David |
| 245 00 - TITLE STATEMENT | |
| Title | Rapid mapping techniques in coastal environments |
| Remainder of title | monitoring the coastline |
| Medium | [electronic resource] |
| 260 ## - PUBLICATION, DISTRIBUTION, ETC. | |
| Place of publication, distribution, etc. | London |
| Name of publisher, distributor, etc. | RICS |
| Date of publication, distribution, etc. | 2007 |
| 490 #0 - SERIES STATEMENT | |
| Series statement | RICS Findings in Built and Rural Environments |
| Volume/sequential designation | May 2007 |
| 520 ## - SUMMARY, ETC. | |
| Summary, etc. | Reports on tests of a new land-based mobile mapping system (MMS). Tests focused on a 7km stretch of coastline at Filey Bay, North Yorkshire. Land-based systems used to be commonplace for monitoring changes to the coastline, but have largely been replaced by Airborne Laser Scanning (ALS). It was found that while the MMS was unable to present the overall picture afforded by ALS, it nevertheless was able to provide data which complemented scanning done by ALS. |
| 590 ## - LOCAL NOTE (RLIN) | |
| Local note | KA |
| 651 #4 - SUBJECT ADDED ENTRY--GEOGRAPHIC NAME | |
| Geographic name | United Kingdom |
| Chronological subdivision | |
| 690 ## - LOCAL SUBJECT ADDED ENTRY--TOPICAL TERM (OCLC, RLIN) | |
| Topical term or geographic name as entry element | ENVIRONMENTAL AND LAND CONSULTANCY-GEOMATICS-MAPPING AND POSITIONING |
| 700 1# - ADDED ENTRY--PERSONAL NAME | |
| Personal name | Mills, Jon |
| 856 40 - ELECTRONIC LOCATION AND ACCESS | |
| Uniform Resource Identifier | <a href="https://www.rics.org/site/scripts/download_info.aspx?downloadID=3150">https://www.rics.org/site/scripts/download_info.aspx?downloadID=3150</a> |
| Public note | Broken link - not available |
| 942 ## - ADDED ENTRY ELEMENTS (KOHA) | |
| Suppress in OPAC | 0 |
| Withdrawn status | Lost status | Source of classification or shelving scheme | Damaged status | Not for loan | Home library | Current library | Shelving location | Date acquired | Total Checkouts | Full call number | Barcode | Date last seen | Copy number | Price effective from | Koha item type |
|---|---|---|---|---|---|---|---|---|---|---|---|---|---|---|---|
| Dewey Decimal Classification | Virtual | Virtual | Online | 04/09/2007 | ONLINE PUBLICATION | 140102-1001 | 06/08/2019 | 1 | 06/08/2019 | Book |